000 00494cam a2200205ua 4500
001 22
008 190725n ii |||gr||||Z||||||eng
020 _a978-81-203-2581-4
040 _cMAIN
041 _aeng
082 _a004
100 _aRajaraman, V,
245 _aFundamentals of Computers
_cBy V. Rajaraman.
250 _a4th.
260 _aNew Delhi.:
_bPHI,
_c2007.
300 _aix, 417 p.:
_bill;
_c27 cm.
653 _aComputer Science
653 _aComputer Fundamentals
942 _cBK
999 _c17
_d17